| 000 | 00812nam a22002417a 4500 | ||
|---|---|---|---|
| 001 | 1235 | ||
| 005 | 20230808172014.0 | ||
| 008 | 230808b cb ||||| |||| 00| 0 eng d | ||
| 020 | _a9781605537665 | ||
| 040 |
_aFISKH _beng _cFISKH _dFISKH |
||
| 050 | _aPZ7 | ||
| 082 | _a793.73 | ||
| 100 | _aMcCafferty, Catherine | ||
| 245 |
_aLook and find / _bElmo |
||
| 260 |
_aLondon : _bPublications International, _c2010. |
||
| 300 |
_a20 unnumbered pages : _c31 cm. |
||
| 490 | _aLook and Find | ||
| 505 | _aF | ||
| 520 | _aVampirina Hauntley and her family have just moved from Transylvania to Pennsylvania. Look for hidden objects in eight scenes, then turn to the back of the book for even more Look and find challenges. | ||
| 521 |
_a400
_bLexile estimate |
||
| 521 |
_aF
_bRaz-Plus |
||
| 942 |
_2ddc _cBK _n0 |
||
| 999 |
_c1235 _d1235 |
||